| 000 | 00636cam a2200145 4500500 | ||
|---|---|---|---|
| 005 | 20260329010445.0 | ||
| 041 | _afre | ||
| 042 | _adc | ||
| 100 | 1 | 0 |
_aRonzeaud, Pierre _eauthor |
| 245 | 0 | 0 | _aChristian Biet, Droit et littérature sous l’Ancien Régime. Le jeu de la valeur et de la loi, Paris, Honoré Champion, coll. « Lumière classique », no 41, 2002. Un vol. 16,5 × 24 cm de 415 p. |
| 260 | _c2006. | ||
| 500 | _a72 | ||
| 786 | 0 | _nDix-septième siècle | 231 | 2 | 2006-06-01 | p. 347j-373j | 0012-4273 | |
| 856 | 4 | 1 | _uhttps://shs.cairn.info/revue-dix-septieme-siecle-2006-2-page-347j?lang=fr&redirect-ssocas=7080 |
| 999 |
_c1852768 _d1852768 |
||